Puhutuimmat slaavilaiset kielet - Statistics

Yleistilastot
  • Tätä visaa on pelattu 491 kertaa
    400 viimeisimmän päivityksen jälkeen
  • Keskiarvotulos 8 / 10
Vastaustilastot
Puhujia Kieli % Oikein
155 milj. venäjä
100%
30 mil. ukraina
96%
40 milj. puola
85%
19 milj. serbokroaatti
85%
9 milj. bulgaria
80%
5,5 milj. slovakki
78%
7,6 milj. valkovenäjä
78%
10 milj. tšekki
76%
2,1 milj. sloveeni
66%
2 milj. makedonia
40%
Ehtoja vastaavia visoja ei löytynyt
Tulosjakauma
Jokaisen tuloksen saaneiden osuus
Persentiili vastausten määrän mukaan
Tuloshistoriasi
Et ole pelannut tätä visaa sen viimeisimmän päivityksen jälkeen